000 01811cam a2200193 4500500
005 20251228094924.0
041 _afre
042 _adc
100 1 0 _aProvost, Gisèle
_eauthor
700 1 0 _aVieuille, Marie-Françoise
_eauthor
245 0 0 _aUn univers secret : Gisèle Provost
260 _c2010.
500 _a8
520 _aArraché à la nuit, le monde pictural de Gisèle Provost, en ses figures énigmatiques et fortes, constitue une riposte au mutisme du réel. Sans concession, ses toiles creusent un chemin douloureusement tracé vers la transparence. L’humain déserté, parcellisé, démultiplié ne renonce pas à trouver un sens dans le tremblé maîtrisé du pinceau et une palette d’une économie franciscaine.
520 _aGisèle Provost’s pictorial world emerges from darkness with it strong and mysterious figures to counter the silence of the real world. Her canvases unrelentingly trace their painful way toward transparency. Behind her tremulously controlled brushstrokes and ascetically sparse, Franciscan, use of colours, we are made to feel that the painter will not give up her search for meaning, however fragmented, abandoned and scattered human beings may be.
520 _aArrancado à noite, o universo pictórico de Gisèle Provost, constitui, através das suas poderosas e enigmáticas figuras, uma réplica ao mutismo do real. As suas telas rasgam, sem qualquer concessão, um doloroso caminho para a transparência. Exilada, fragmentada e desmultiplicada, a natureza humana não renuncia contudo a encontrar um sentido nesse trémulo domínio do pincel e numa franciscana economia da cor.
786 0 _nSigila | 25 | 1 | 2010-03-01 | p. 103-109 | 1286-1715
856 4 1 _uhttps://shs.cairn.info/revue-sigila-2010-1-page-103?lang=fr&redirect-ssocas=7080
999 _c1605043
_d1605043